|
|
|
|
| LEADER |
02445cam a22004095a 4500 |
| 001 |
15964385 |
| 003 |
BD-DhAAL |
| 005 |
20131001142624.0 |
| 008 |
130106r20122006enka b 001 0 eng |
| 010 |
|
|
|a 2009517087
|
| 020 |
|
|
|a 9780199562091 (hbk.)
|
| 020 |
|
|
|a 9780199562107 (pbk.)
|
| 020 |
|
|
|a 0199562105 (pbk.)
|
| 040 |
|
|
|a UKM
|c UKM
|d BTCTA
|d BWKUK
|d DLC
|d BD-DhAAL
|
| 050 |
0 |
0 |
|a QC254.2
|b .B58 2010
|
| 082 |
0 |
4 |
|a 536
|2 22
|
| 999 |
|
|
|c 13527
|d 13527
|
| 999 |
|
|
|c 13527
|
| 100 |
1 |
|
|a Blundell, Stephen,
|d 1967-
|9 2012
|
| 245 |
1 |
0 |
|a Concepts in thermal physics /
|c Stephen J. Blundell and Katherine M. Blundell.
|
| 250 |
|
|
|a 2nd ed.
|
| 260 |
|
|
|a Oxford ;
|a New York :
|b Oxford University Press,
|c 2010. [Reprinted 2012, 2013]
|
| 300 |
|
|
|a xviii, 493 p. :
|b ill. ;
|c 26 cm.
|
| 500 |
|
|
|a Previous ed.: 2006.
|
| 504 |
|
|
|a Includes bibliographical references (p. [485]-487) and index.
|
| 541 |
|
|
|e 27118
|
| 650 |
|
0 |
|a Thermodynamics.
|9 581
|
| 650 |
|
0 |
|a Heat.
|9 580
|
| 700 |
1 |
|
|a Blundell, Katherine M.
|9 2013
|
| 942 |
|
|
|2 ddc
|c BK
|
| 952 |
|
|
|0 0
|1 0
|2 ddc
|4 0
|6 536_000000000000000_BLU
|7 0
|9 22586
|a BRACUL
|b BRACUL
|c CIR
|d 2013-06-01
|e Essence Publications
|g 4529.00
|l 7
|o 536 BLU
|p 3010027118
|r 2018-06-10
|s 2017-07-18
|t 1
|w 2013-06-01
|y 1HOUR
|
| 952 |
|
|
|0 0
|1 0
|2 ddc
|4 0
|6 536_000000000000000_BLU
|7 0
|9 23560
|a BRACUL
|b BRACUL
|c GEN
|d 2013-10-01
|e Karim International
|g 3800.00
|l 16
|m 116
|o 536 BLU
|p 3010027646
|r 2025-10-26
|s 2025-10-07
|t 2
|w 2013-10-01
|y BK
|
| 952 |
|
|
|0 0
|1 0
|2 ddc
|4 0
|6 536_000000000000000_BLU
|7 0
|9 23561
|a BRACUL
|b BRACUL
|c GEN
|d 2013-10-01
|e Karim International
|g 3800.00
|l 22
|m 144
|o 536 BLU
|p 3010027647
|r 2026-01-13
|s 2025-10-19
|t 3
|w 2013-10-01
|y BK
|
| 952 |
|
|
|0 0
|1 0
|2 ddc
|4 0
|6 536_000000000000000_BLU
|7 0
|9 23562
|a BRACUL
|b BRACUL
|c GEN
|d 2013-10-01
|e Karim International
|g 3800.00
|l 6
|m 47
|o 536 BLU
|p 3010027648
|q 2026-08-23
|r 2025-08-26
|s 2025-08-26
|t 4
|w 2013-10-01
|y BK
|
| 952 |
|
|
|0 0
|1 0
|2 ddc
|4 0
|6 536_000000000000000_BLU
|7 0
|9 59552
|a BRACUL
|b BRACUL
|c GEN
|d 2016-08-23
|e Trim Education
|g 4680.00
|l 9
|m 110
|o 536 BLU
|p 3010031250
|r 2026-01-19
|s 2025-09-23
|t 5
|v 4680.00
|w 2016-08-02
|y BK
|
| 952 |
|
|
|0 0
|1 0
|2 ddc
|4 0
|6 536_000000000000000_BLU
|7 0
|9 59553
|a BRACUL
|b BRACUL
|c GEN
|d 2016-08-23
|e Trim Education
|g 4680.00
|l 13
|m 128
|o 536 BLU
|p 3010031251
|r 2026-02-08
|s 2025-10-16
|t 6
|v 4680.00
|w 2016-08-02
|y BK
|
| 952 |
|
|
|0 0
|1 0
|2 ddc
|4 0
|6 536_000000000000000_BLU
|7 0
|9 59554
|a BRACUL
|b BRACUL
|c GEN
|d 2016-08-23
|e Trim Education
|g 4680.00
|l 13
|m 86
|o 536 BLU
|p 3010031252
|r 2026-01-06
|s 2025-10-06
|t 7
|v 4680.00
|w 2016-08-02
|y BK
|